Music Quiz

Random Music or Kpop Quiz

Kpop groups and Units that debuted in 2019 Quiz Stats

 Plays Quiz not verified by Sporcle

Support Sporcle.
Go Orange.
Score 0/166 Timer 20:00
0 Plays Today
Hint Answer % Correct
Lia
100%
Taemin
98.4%
EVERGLOWE:U
96.7%
EXO -SCSehun
96.7%
Ryujin
96.7%
Lucas
96.7%
Taeyong
96.7%
Kai
96.7%
Mark
96.7%
ITZYYeji
95.1%
Chaeryeong
95.1%
JUS2JB
95.1%
SUPER MBaekhyun
95.1%
Huening Kai
95.1%
WOOSEOK x KUANLINWooseok
95.1%
Wooseok
95.1%
Chanyeol
95.1%
Ten
95.1%
Daehwi
93.4%
Mia
93.4%
Yuna
93.4%
Woojin
91.8%
TXTSoobin
91.8%
Beomgyu
91.8%
Kuanlin
91.8%
Yugyeom
91.8%
Woojin
91.8%
Aisha
90.2%
Yiren
90.2%
Taehyun
90.2%
Onda
88.5%
Yeonjun
88.5%
Sihyeon
86.9%
Sihyeon
86.9%
Jinyoung
86.9%
Jinyoung
86.9%
Woong
85.2%
ONEUSRavn
80.3%
AB6IXYoungmin
78.7%
Donghyun
77%
X1Seungwoo
77%
Leedo
77%
CIXBx
75.4%
Yohan
75.4%
Dongpyo
73.8%
Xion
73.8%
Hwanwoong
73.8%
Seungyoun
72.1%
Dohyon
72.1%
Eunwoo
70.5%
Minhee
70.5%
Hangyul
67.2%
Keonhee
65.6%
Seoho
65.6%
Kokoro
63.9%
May
63.9%
Hint Answer % Correct
Junho
63.9%
Eunsang
63.9%
CHERRY BULLETMirae
62.3%
Haeyoon
62.3%
Linlin
62.3%
Hyunsuk
62.3%
Bada
60.7%
Seunghun
59%
Hyeongjun
59%
Yuju
57.4%
Bora
57.4%
Yonghee
57.4%
NEWKIDDHansol
57.4%
Juri
55.7%
Chaerin
52.5%
Dongmyeong
52.5%
Jiwon
50.8%
Remi
50.8%
Dahyun
50.8%
Jinwoo
49.2%
TEEN TEENJinwoo
49.2%
Jinwoo
49.2%
HINAPIAMinkyeung
47.5%
CyA
45.9%
Doyum
44.3%
1TEAMRubin
41%
Yaebin
41%
Kangmin
39.3%
Harin
39.3%
BC
37.7%
Gyeongwon
37.7%
Jinsung
36.1%
Jungwoo
36.1%
Sohee
36.1%
ONEWEYonghoon
36.1%
Jehyun
34.4%
Seungeun
34.4%
Suyun
34.4%
ROCKET PUNCHYeonhee
32.8%
Junghoon
31.1%
1THE9Yongha
31.1%
Junseo
31.1%
VERIVERYGyehyeon
31.1%
Woodam
31.1%
Taewoo
29.5%
BVNDITYiyeon
29.5%
Songhee
29.5%
Simyeong
29.5%
BDCSihun
29.5%
Doah
29.5%
Hoyoung
29.5%
Love
29.5%
Yechan
27.9%
Sungwon
27.9%
Hyunsoo
27.9%
Shihyun
27.9%
Hint Answer % Correct
Minchan
27.9%
Dongheon
27.9%
Seunghwan
26.2%
Taekhyeon
26.2%
Hwi
26.2%
Yongseung
26.2%
Kanghyun
26.2%
Nine
24.6%
Yunmin
24.6%
Yeonho
24.6%
Yunkyoung
23%
Junghwan
23%
FANATICSSika
23%
Jinkwon
23%
Taeseung
23%
Rie
23%
DiCEYonggeun
21.3%
PURPLE BECKYeowool
21.3%
Yoojun
21.3%
Yoojung
21.3%
Mill
21.3%
Junji
19.7%
Chiayi
19.7%
Woochul
19.7%
Seongjun
18%
Mini
18%
Seoyeon
18%
WE IN THE ZONE Eson
18%
ENOILaon
18%
Gun
18%
Doi
18%
Seungchan
18%
ONLYONEOFKB
18%
Yerim
16.4%
Chaelin
16.4%
Jiann
16.4%
Kyeongheon
16.4%
Avin
14.8%
Layeon
14.8%
VANNERTaehwan
14.8%
Hamin
14.8%
Dojin
14.8%
Yoonhye
14.8%
Gon
14.8%
ARIAZYunji
13.1%
Dawon
13.1%
Yeori
13.1%
Jueun
13.1%
J-kid
13.1%
Jooan
13.1%
Ahxian
13.1%
Youngkwang
11.5%
Hyeseong
9.8%
Hyogeong
6.6%

You're not logged in!

Compare scores with friends on all Sporcle quizzes.
OR
Log In

From the Vault

Pixel Art - African Flag

by goc3

Paint a picture with pixels.
Remove Ads.
Support Sporcle.
Get the best of Sporcle when you Go Orange. This ad-free experience offers more features, more stats, and more fun while also helping to support Sporcle. Thank you for becoming a member.

Show Comments

Extras

Created Feb 24, 2020ReportNominate
Tags:Kpop Quiz, 2019, Debuted, group, unit

Top Quizzes Today


Score Distribution

Your Account Isn't Verified!

In order to create a playlist on Sporcle, you need to verify the email address you used during registration. Go to your Sporcle Settings to finish the process.

Report this User

Report this user for behavior that violates our Community Guidelines.

Details: